[Event "Gibraltar Masters"]
[Site "Gibraltar"]
[Date "2006.01.30"]
[Round "7"]
[White "Stefanova, Antoaneta"]
[Black "Speck, Nick"]
[Result "0-1"]
[WhiteElo "2499"]
[BlackElo "2371"]
[PlyCount "132"]
[EventDate "2006.01.24"]
[EventType "swiss"]
[EventRounds "10"]
[EventCountry "ENG"]
[SourceTitle "CBM 110 Extra"]
[Source "ChessBase"]
[SourceDate "2006.03.10"]
[SourceVersion "2"]
[SourceVersionDate "2006.03.10"]
[SourceQuality "1"]

1. d4 g6 2. e4 Bg7 3. Nc3 d6 4. Be3 a6 5. f4 b5 6. Nf3 Bb7 7. Bd3 Nd7 8. a4 b4 9. Ne2 Ngf6 10. Ng3 c5 11. c3 Qa5 12. Bd2 bxc3 13. bxc3 Qc7 14. e5 Nd5 15. 0-0 0-0 16. e6 fxe6 17. Ng5 cxd4 18. Nxe6 Qc6 19. cxd4 Ne3 20. Qe2 Nxf1 21. Rxf1 Qxa4 22. Kh1 Rf7 23. f5 Nf8 24. Ng5 Bf6 25. fxg6 hxg6 26. Nxf7 Kxf7 27. Qg4 Qa2 28. Rf2 Rc8 29. h4 Qe6 30. Nf5 gxf5 31. Bxf5 Qc4 32. Qh5+ Kg8 33. Rf4 Bg7 34. Rg4 Qf7 35. Qh6 e6 36. Bd3 Rc7 37. Qg5 Bd5 38. Qd8 Qe7 39. Qb8 Rb7 40. Qc8 Qc7 41. Qe8 Qf7 42. Qd8 Qh5 43. Be2 Qf5 44. Bf4 Qb1+ 45. Kh2 Rd7 46. Qe8 Qf5 47. Bh6 Qf6 48. Qh5 a5 49. Bb5 Rb7 50. Be8 e5 51. Rg5 Be6 52. dxe5 dxe5 53. Rg3 e4 54. Bc6 Rc7 55. Bxe4 a4 56. Bg5 Qe5 57. Qf3 Rc3 58. Be3 Rc4 59. Bh6 Rc3 60. Be3 a3 61. h5 a2 62. h6 Rxe3 63. Qxe3 Qh5+ 64. Kg1 a1Q+ 65. Kf2 Qf6+ 66. Bf3 Qhxh6 0-1

[Event "Gibraltar Masters"]
[Site "Gibraltar"]
[Date "2006.01.28"]
[Round "5"]
[White "Ganguly, Surya Shekhar"]
[Black "Speck, Nick"]
[Result "0-1"]
[WhiteElo "2579"]
[BlackElo "2371"]
[PlyCount "96"]
[EventDate "2006.01.24"]
[EventType "swiss"]
[EventRounds "10"]
[EventCountry "ENG"]
[SourceTitle "CBM 110 Extra"]
[Source "ChessBase"]
[SourceDate "2006.03.10"]
[SourceVersion "2"]
[SourceVersionDate "2006.03.10"]
[SourceQuality "1"]

1. e4 g6 2. d4 Bg7 3. Nc3 d6 4. Be3 a6 5. a4 b6 6. f4 Nf6 7. Nf3 0-0 8. Bd3 c5 9. h3 cxd4 10. Bxd4 Nc6 11. Be3 Bb7 12. 0-0 d5 13. e5 d4 14. Nxd4 Nxd4 15. exf6 Bxf6 16. Be4 Nf5 17. Qxd8 Raxd8 18. Bxb6 Bxe4 19. Nxe4 Bxb2 20. Bxd8 Bxa1 21. Bb6 Bd4+ 22. Bxd4 Nxd4 23. c3 Ne2+ 24. Kh2 Rc8 25. Rf2 Nc1 26. Rb2 Nd3 27. Rb7 Kf8 28. a5 Rc4 29. Ng5 h6 30. Nf3 Rc5 31. Rb8+ Kg7 32. Rb7 Kf8 33. Rb8+ Kg7 34. Rb7 Rxa5 35. Rxe7 Nxf4 36. Ra7 Kf6 37. Kg3 Ne2+ 38. Kf2 Nxc3 39. g4 Ra2+ 40. Ke3 Ra4 41. h4 Nd5+ 42. Kf2 Rxg4 43. Rxa6+ Kg7 44. Ra7 Re4 45. Kg3 Ne3 46. h5 Nf5+ 47. Kf2 g5 48. Ra5 Rf4 0-1

[Event "Gibraltar Masters"]
[Site "Gibraltar"]
[Date "2006.01.26"]
[Round "3"]
[White "Schramm, Bernd"]
[Black "Speck, Nick"]
[Result "0-1"]
[WhiteElo "2126"]
[BlackElo "2371"]
[PlyCount "136"]
[EventDate "2006.01.24"]
[EventType "swiss"]
[EventRounds "10"]
[EventCountry "ENG"]
[SourceTitle "CBM 110 Extra"]
[Source "ChessBase"]
[SourceDate "2006.03.10"]
[SourceVersion "2"]
[SourceVersionDate "2006.03.10"]
[SourceQuality "1"]

1. e4 g6 2. d4 Bg7 3. Nc3 d6 4. f4 a6 5. Nf3 b5 6. Bd3 Nd7 7. 0-0 c5 8. d5 c4 9. Be2 Qb6+ 10. Kh1 Ngf6 11. Qd4 Qxd4 12. Nxd4 Nxe4 13. Nxe4 Bxd4 14. c3 Bb6 15. b3 cxb3 16. axb3 Bb7 17. c4 0-0 18. f5 Bd4 19. Rb1 Nf6 20. Ng5 b4 21. h3 a5 22. fxg6 hxg6 23. Bb2 Bxb2 24. Rxb2 Nd7 25. Bd1 Ne5 26. Nf3 f6 27. Be2 Nxf3 28. gxf3 Bc8 29. Ra1 Bd7 30. Rba2 a4 31. bxa4 b3 32. Rb2 Bxa4 33. Ra3 Kf7 34. Bd1 Bd7 35. Rxa8 Rxa8 36. Bxb3 Rb8 37. Rb1 Bf5 38. Rb2 Bd3 39. c5 Bc4 40. c6 Bxb3 41. c7 Rc8 42. Rxb3 Rxc7 43. Kg2 Rc4 44. Rd3 g5 45. Kg3 Rf4 46. Rd2 Ke8 47. Rd1 Kd7 48. Rd2 Kc7 49. Rd1 Rf5 50. Kg4 Rf4+ 51. Kg3 Kd7 52. Rd2 Ke8 53. Rd1 Kf8 54. Rd2 Kf7 55. Rd1 Rc4 56. Rd3 f5 57. Rd1 Kf6 58. Rd2 Rh4 59. Rd1 Ke5 60. Re1+ Kf6 61. Rd1 Ra4 62. Rd3 f4+ 63. Kg2 Ke5 64. Rd2 Rd4 65. Re2+ Kf6 66. h4 gxh4 67. Kh3 Rxd5 68. Kxh4 Rd1 0-1

[Event "Seville op 31st"]
[Site "Seville"]
[Date "2006.01.14"]
[Round "8"]
[White "Speck, Nick"]
[Black "Romero Garcia, Mariano"]
[Result "1-0"]
[WhiteElo "2371"]
[BlackElo "2182"]
[PlyCount "153"]
[EventDate "2006.01.07"]
[EventType "swiss"]
[EventRounds "9"]
[EventCountry "ESP"]
[SourceTitle "CBM 110 Extra"]
[Source "ChessBase"]
[SourceDate "2006.03.10"]
[SourceVersion "2"]
[SourceVersionDate "2006.03.10"]
[SourceQuality "1"]

1. e4 c5 2. Nc3 Nc6 3. g3 g6 4. Bg2 Bg7 5. d3 e6 6. Be3 d6 7. f4 Nge7 8. Nf3 0-0 9. 0-0 Qb6 10. Rb1 Bd7 11. Qd2 Nd4 12. Nd1 Nxf3+ 13. Bxf3 Qc7 14. Nf2 Bc6 15. c3 Rfd8 16. Bg2 b6 17. d4 d5 18. e5 Nf5 19. g4 Nxe3 20. Qxe3 Bb5 21. Rfc1 Rac8 22. Bf3 Qe7 23. g5 Rc7 24. Ng4 Rdc8 25. Qd2 a5 26. Kf2 cxd4 27. cxd4 Qb4 28. Ke3 Bf8 29. Qxb4 Bxb4 30. Rxc7 Rxc7 31. a3 Be7 32. Kd2 Kf8 33. Rc1 Rxc1 34. Kxc1 Ke8 35. Kd2 Kd8 36. Kc3 Kc7 37. Nh6 Be8 38. Be2 b5 39. b4 a4 40. Ng8 Bd8 41. Bd3 Kb6 42. Kd2 Kc7 43. Ke3 Kb6 44. Kf3 Kc7 45. Kg4 Kc8 46. Kf3 Kc7 47. Kf2 Kc8 48. Bb1 Kc7 49. Ba2 Kc6 50. Kf3 Kc7 51. Kg4 Kc8 52. Kf3 Kc7 53. Bb1 Kc8 54. Bc2 Kc7 55. h3 Kc8 56. Bd3 Kc7 57. Nf6 Bxf6 58. gxf6 Kd8 59. Kg4 Bd7 60. Kg5 Ke8 61. Kh6 Kf8 62. Kxh7 Bc6 63. h4 Bd7 64. Be2 Be8 65. Bf3 Bc6 66. Bg4 Bd7 67. Kh8 Bc8 68. h5 gxh5 69. Bxh5 Bd7 70. Be2 Be8 71. Bd3 Bd7 72. Kh7 Bc6 73. f5 Bd7 74. fxe6 fxe6 75. Kg6 Be8+ 76. f7 Bxf7+ 77. Kf6 1-0

[Event "Seville op 31st"]
[Site "Seville"]
[Date "2006.01.10"]
[Round "4"]
[White "Speck, Nick"]
[Black "Movsziszian, Karen"]
[Result "0-1"]
[WhiteElo "2371"]
[BlackElo "2486"]
[PlyCount "90"]
[EventDate "2006.01.07"]
[EventType "swiss"]
[EventRounds "9"]
[EventCountry "ESP"]
[SourceTitle "CBM 110 Extra"]
[Source "ChessBase"]
[SourceDate "2006.03.10"]
[SourceVersion "2"]
[SourceVersionDate "2006.03.10"]
[SourceQuality "1"]

1. e4 c5 2. Nf3 d6 3. d4 cxd4 4. Nxd4 Nf6 5. Nc3 a6 6. Bc4 e6 7. Bb3 Nbd7 8. f4 Nc5 9. 0-0 Qc7 10. Qf3 b5 11. f5 e5 12. Nd5 Nxd5 13. Bxd5 Bb7 14. f6 Bxd5 15. fxg7 Bxg7 16. Nf5 Nxe4 17. Nxg7+ Kd8 18. Be3 Rg8 19. Rad1 Bc6 20. Qg4 f6 21. Ne6+ Ke7 22. Qxg8 Qd7 23. Qxh7+ Kxe6 24. Qf5+ Ke7 25. Qh7+ Kd8 26. Qg6 Kc7 27. Rf3 Rf8 28. Bh6 Qf7 29. Qxf7+ Rxf7 30. Rdf1 Kd7 31. Rh3 f5 32. g4 f4 33. g5 Ke6 34. Ra3 Bb7 35. h4 Kf5 36. Kh2 Rc7 37. Rc1 d5 38. h5 d4 39. g6 Nf2 40. Bf8 d3 41. g7 Bd5 42. c4 Rxc4 43. Rg1 Rc2 44. Rg2 Ng4+ 45. Kh3 Rxg2 0-1

[Event "Seville op 29th"]
[Site "Seville"]
[Date "2004.01.11"]
[Round "3"]
[White "Speck, Nick"]
[Black "Cheparinov, Ivan"]
[Result "1-0"]
[WhiteElo "2381"]
[BlackElo "2550"]
[PlyCount "78"]
[EventDate "2004.01.09"]
[EventType "swiss"]
[EventRounds "9"]
[EventCountry "ESP"]
[SourceTitle "CBM 098 Extra"]
[Source "ChessBase"]
[SourceDate "2004.03.10"]
[SourceVersion "2"]
[SourceVersionDate "2004.03.10"]
[SourceQuality "1"]

1. e4 c5 2. Nf3 d6 3. d4 cxd4 4. Nxd4 Nf6 5. Nc3 a6 6. Bc4 e6 7. Bb3 b5 8. f4 Be7 9. e5 dxe5 10. fxe5 Nfd7 11. Bxe6 Nxe5 12. Bxc8 Qxc8 13. Nd5 Bh4+ 14. g3 Bd8 15. Qe2 f6 16. Bf4 0-0 17. 0-0-0 Re8 18. Rhe1 Ba5 19. c3 Nbc6 20. Nxc6 Qxc6 21. Bxe5 fxe5 22. Qe4 Rac8 23. Kb1 Qe6 24. Ne3 Bc7 25. Nf5 Rcd8 26. g4 Rd7 27. Rxd7 Qxd7 28. Ne3 Rf8 29. Rd1 Qe6 30. Qd5 Qxd5 31. Nxd5 Bd6 32. Kc2 e4 33. Rd2 a5 34. Re2 Re8 35. Ne3 g6 36. c4 Rc8 37. b3 a4 38. h4 axb3+ 39. axb3 Kg7 1-0

[Event "Olympiad-35"]
[Site "Bled"]
[Date "2002.11.02"]
[Round "8.4"]
[White "Nogueiras Santiago, Jesus"]
[Black "Speck, Nick"]
[Result "1/2-1/2"]
[WhiteElo "2528"]
[BlackElo "2371"]
[PlyCount "46"]
[EventDate "2002.10.26"]
[EventType "team-swiss"]
[EventRounds "14"]
[EventCountry "SLO"]
[SourceTitle "EXT 2003"]
[Source "ChessBase"]
[SourceDate "2002.11.25"]
[SourceVersion "1"]
[SourceVersionDate "2002.11.25"]
[SourceQuality "1"]
[WhiteTeam "Cuba"]
[BlackTeam "Australia"]
[WhiteTeamCountry "CUB"]
[BlackTeamCountry "AUS"]

1. Nf3 Nf6 2. c4 g6 3. g3 Bg7 4. Bg2 0-0 5. d4 d6 6. 0-0 Nc6 7. Nc3 a6 8. h3 Rb8 9. e4 b5 10. cxb5 axb5 11. Re1 e6 12. d5 Ne7 13. dxe6 Bxe6 14. e5 dxe5 15. Qxd8 Rfxd8 16. Nxe5 b4 17. Na4 Rb5 18. Bf4 Nfd5 19. Rad1 Ra8 20. b3 Nxf4 21. gxf4 Nd5 22. Bf1 Rbb8 23. Bg2 Rb5 1/2-1/2

[Event "AUS-ch"]
[Site "Melbourne"]
[Date "2002.01.07"]
[Round "9"]
[White "Speck, Nick"]
[Black "Lane, Gary William"]
[Result "1-0"]
[WhiteElo "2324"]
[BlackElo "2448"]
[PlyCount "65"]
[EventDate "2001.12.01"]
[EventType "swiss"]
[EventRounds "11"]
[EventCountry "AUS"]
[SourceTitle "EXT 2003"]
[Source "ChessBase"]
[SourceDate "2002.11.25"]
[SourceVersion "1"]
[SourceVersionDate "2002.11.25"]
[SourceQuality "1"]

1. e4 e5 2. Nf3 Nc6 3. Bb5 g6 4. d4 exd4 5. Nxd4 Bg7 6. Be3 Nf6 7. f3 0-0 8. 0-0 Ne7 9. c4 c6 10. Ba4 d5 11. cxd5 cxd5 12. e5 Ne8 13. f4 f6 14. exf6 Nxf6 15. Kh1 Ng4 16. Bg1 Nf5 17. Qxg4 Nxd4 18. Qd1 Ne6 19. Qd2 d4 20. Na3 Nc5 21. Bc2 Be6 22. b4 Na6 23. Rae1 Bd5 24. f5 gxf5 25. Bxf5 Qh4 26. Nc2 Qh5 27. Bxd4 Rxf5 28. Rxf5 Qxf5 29. Bxg7 Bxa2 30. Bc3 Rf8 31. Ne3 Qe6 32. Qd4 Kf7 33. Nf5 1-0

[Event "AUS-ch"]
[Site "Melbourne"]
[Date "2002.01.03"]
[Round "6"]
[White "Speck, Nick"]
[Black "Bjelobrk, Igor"]
[Result "1-0"]
[WhiteElo "2324"]
[BlackElo "2197"]
[PlyCount "47"]
[EventDate "2001.12.01"]
[EventType "swiss"]
[EventRounds "11"]
[EventCountry "AUS"]
[SourceTitle "EXT 2003"]
[Source "ChessBase"]
[SourceDate "2002.11.25"]
[SourceVersion "1"]
[SourceVersionDate "2002.11.25"]
[SourceQuality "1"]

1. e4 e6 2. d4 d5 3. Nc3 Nf6 4. Bg5 Be7 5. e5 Nfd7 6. h4 c5 7. Bxe7 Kxe7 8. f4 Qb6 9. Nf3 Qxb2 10. Nb5 Qb4+ 11. Kf2 Nc6 12. c4 Rd8 13. cxd5 exd5 14. Nc7 Qb2+ 15. Be2 Rb8 16. Nxd5+ Kf8 17. Qd3 Nxd4 18. Qxh7 Qxe2+ 19. Kg3 Nf5+ 20. Kh2 Ke8 21. e6 Nf8 22. Nc7+ Ke7 23. Qxf5 fxe6 24. Qg5+ 1-0

[Event "Australian Masters"]
[Site "Melbourne"]
[Date "1999.07.05"]
[Round "7"]
[White "Reilly, Tim"]
[Black "Speck, Nick"]
[Result "0-1"]
[WhiteElo "2258"]
[BlackElo "2255"]
[PlyCount "42"]
[EventDate "1999.??.??"]
[EventType "tourn"]
[EventRounds "11"]
[EventCountry "AUS"]
[EventCategory "1"]
[SourceTitle "EXT 2001"]
[Source "ChessBase"]
[SourceDate "2000.11.22"]
[SourceVersion "1"]
[SourceVersionDate "2000.11.22"]
[SourceQuality "1"]

1. d4 Nf6 2. c4 Nc6 3. Nc3 e5 4. d5 Ne7 5. e4 Ng6 6. a3 Bc5 7. b4 Bd4 8. Nge2 Nxe4 9. Nxe4 Bxa1 10. Bg5 f6 11. Be3 Bd4 12. Nxd4 exd4 13. Bxd4 0-0 14. Bd3 f5 15. Ng3 Qe7+ 16. Kf1 d6 17. Nh5 Ne5 18. f4 Ng4 19. Qa1 g6 20. h3 Qh4 21. Ng7 Nf6 0-1

[Event "Australian Masters"]
[Site "Melbourne"]
[Date "1999.07.04"]
[Round "6"]
[White "Speck, Nick"]
[Black "Zhao, Zong Yuan"]
[Result "1-0"]
[WhiteElo "2255"]
[BlackElo "2000"]
[PlyCount "131"]
[EventDate "1999.??.??"]
[EventType "tourn"]
[EventRounds "11"]
[EventCountry "AUS"]
[EventCategory "1"]
[SourceTitle "EXT 2001"]
[Source "ChessBase"]
[SourceDate "2000.11.22"]
[SourceVersion "1"]
[SourceVersionDate "2000.11.22"]
[SourceQuality "1"]

1. e4 e5 2. Nf3 Nc6 3. Bb5 a6 4. Ba4 Nf6 5. 0-0 Be7 6. Bxc6 dxc6 7. Qe1 Be6 8. b3 Nd7 9. Bb2 f6 10. d4 Bg4 11. Nbd2 exd4 12. Nxd4 c5 13. Nf5 0-0 14. Nc4 Bxf5 15. exf5 b5 16. Rd1 Rf7 17. Qe6 Bf8 18. Na5 Qc8 19. Nc6 c4 20. Ne7+ Bxe7 21. Rxd7 Qf8 22. Rxc7 cxb3 23. cxb3 Rd8 24. Qxa6 b4 25. Qc4 Bd6 26. Rc6 Kh8 27. Rd1 h6 28. g3 Re7 29. Kg2 Ra7 30. Qe6 Re7 31. Qc4 Ra7 32. Bc1 Rxa2 33. Bf4 Be7 34. Rxd8 Bxd8 35. Rc8 Kh7 36. Qd4 Bb6 37. Qd7 Rxf2+ 38. Kh3 Bd8 39. Rxd8 Qc5 40. Qd5 Qxd5 41. Rxd5 Rf3 42. Rb5 Rxb3 43. Bd6 Rf3 44. Bxb4 Rb3 45. Rb6 Rf3 46. Rb5 Rb3 47. Kg4 Rb2 48. h4 Rb3 49. Rb6 h5+ 50. Kf4 Rb1 51. Bc5 Rf1+ 52. Ke4 Re1+ 53. Be3 Ra1 54. Bf4 Ra4+ 55. Kd5 Ra1 56. Ke6 Ra5 57. Rc6 Rb5 58. Bd6 Rb3 59. Kf7 Rf3 60. Rc7 Rxf5 61. Kf8 Rd5 62. Rxg7+ Kh8 63. Be7 Ra5 64. Rg6 Ra8+ 65. Kf7 Kh7 66. Rxf6 1-0

[Event "Australian op"]
[Site "Suncoast"]
[Date "1999.01.06"]
[Round "5"]
[White "Speck, Nick"]
[Black "Milov, Vadim"]
[Result "0-1"]
[WhiteElo "2255"]
[BlackElo "2640"]
[PlyCount "80"]
[EventDate "1999.01.??"]
[EventType "swiss"]
[EventRounds "11"]
[EventCountry "AUS"]
[SourceTitle "CBM 068 Extra"]
[Source "ChessBase"]
[SourceDate "1999.03.01"]
[SourceVersion "1"]
[SourceVersionDate "1999.03.01"]
[SourceQuality "1"]

1. e4 c5 2. Nc3 Nc6 3. Nf3 e6 4. d4 cxd4 5. Nxd4 Qc7 6. Be2 a6 7. 0-0 b5 8. Nxc6 dxc6 9. f4 e5 10. fxe5 Bc5+ 11. Kh1 Ne7 12. Bg4 Ng6 13. e6 Bxe6 14. Bxe6 fxe6 15. Bg5 Qe5 16. Qg4 Rf8 17. Ne2 Bd6 18. Ng3 Ra7 19. Bd2 b4 20. a3 Rxf1+ 21. Rxf1 a5 22. Qh3 Rf7 23. axb4 Rxf1+ 24. Nxf1 axb4 25. Qd3 Qb5 26. Qxb5 cxb5 27. g3 Ne5 28. Bf4 Kd7 29. Bxe5 Bxe5 30. b3 Bc3 31. h3 Kd6 32. Kg2 Ke5 33. Kf3 Kd4 34. Ne3 Bd2 35. Nd1 Bg5 36. Kg4 Bc1 37. Kf3 Bg5 38. Kg4 Be7 39. Kf4 Bd6+ 40. Kf3 h5 0-1

[Event "Australian op"]
[Site "Suncoast"]
[Date "1999.01.04"]
[Round "3"]
[White "Speck, Nick"]
[Black "Caoili, Arianne"]
[Result "1-0"]
[WhiteElo "2255"]
[BlackElo "2050"]
[PlyCount "61"]
[EventDate "1999.01.??"]
[EventType "swiss"]
[EventRounds "11"]
[EventCountry "AUS"]
[SourceTitle "CBM 068 Extra"]
[Source "ChessBase"]
[SourceDate "1999.03.01"]
[SourceVersion "1"]
[SourceVersionDate "1999.03.01"]
[SourceQuality "1"]

1. e4 c5 2. Nc3 Nc6 3. Nf3 g6 4. d4 cxd4 5. Nxd4 Bg7 6. Be3 d6 7. Qd2 Nf6 8. f3 0-0 9. g4 d5 10. g5 Nh5 11. exd5 Nxd4 12. Bxd4 Bxd4 13. Qxd4 e5 14. Qd2 Bf5 15. Bc4 Rc8 16. Bb3 a6 17. 0-0-0 Qd6 18. Rhe1 b5 19. Ne4 Bxe4 20. Rxe4 Rfe8 21. Kb1 Re7 22. a4 Rb8 23. Qb4 Rb6 24. Qxd6 Rxd6 25. axb5 axb5 26. Rde1 Red7 27. Rb4 Rb7 28. c4 Nf4 29. Rxe5 Nd3 30. Re8+ Kg7 31. Rxb5 1-0

[Event "Melbourne Black Opal"]
[Site "Melbourne"]
[Date "1998.01.20"]
[Round "9"]
[White "West, Guy"]
[Black "Speck, Nick"]
[Result "1/2-1/2"]
[WhiteElo "2410"]
[BlackElo "2185"]
[PlyCount "83"]
[EventDate "1998.01.12"]
[EventType "tourn"]
[EventRounds "9"]
[EventCountry "AUS"]
[EventCategory "4"]
[SourceTitle "CBM 062 Extra"]
[Source "ChessBase"]
[SourceDate "1998.03.09"]
[SourceVersion "1"]
[SourceVersionDate "1998.03.09"]
[SourceQuality "1"]

1. e4 Nf6 2. Nc3 d5 3. exd5 Nxd5 4. Bc4 Nb6 5. Bb3 Nc6 6. Nf3 Bf5 7. 0-0 e6 8. d4 Be7 9. Be3 0-0 10. Qe2 Na5 11. Rad1 Bf6 12. Ne5 Nxb3 13. axb3 Nd5 14. Bc1 Nxc3 15. bxc3 Bxe5 16. dxe5 Qe7 17. Be3 Rfd8 18. Rd4 Rxd4 19. cxd4 Qb4 20. g4 Be4 21. f3 Bc6 22. Qd2 Qb5 23. Kg2 a5 24. Ra1 a4 25. bxa4 Rxa4 26. Rxa4 Qxa4 27. Qd3 Bd5 28. Kg3 Bc4 29. Qd2 Qa3 30. h4 Bd5 31. h5 Kf8 32. c3 Qb3 33. Qd3 g6 34. h6 Qc4 35. Qxc4 Bxc4 36. Bc1 Bd5 37. Ba3+ Kg8 38. Be7 f5 39. exf6 Kf7 40. g5 b5 41. Kf4 c6 42. Ke3 1/2-1/2

[Event "Melbourne Black Opal"]
[Site "Melbourne"]
[Date "1998.01.19"]
[Round "8"]
[White "Speck, Nick"]
[Black "Johansen, Darryl Keith"]
[Result "1/2-1/2"]
[WhiteElo "2185"]
[BlackElo "2490"]
[PlyCount "35"]
[EventDate "1998.01.12"]
[EventType "tourn"]
[EventRounds "9"]
[EventCountry "AUS"]
[EventCategory "4"]
[SourceTitle "CBM 062 Extra"]
[Source "ChessBase"]
[SourceDate "1998.03.09"]
[SourceVersion "1"]
[SourceVersionDate "1998.03.09"]
[SourceQuality "1"]

1. e4 c5 2. Nc3 e6 3. g3 Nc6 4. Bg2 g6 5. d3 Bg7 6. Be3 d6 7. f4 Nge7 8. Nf3 Nd4 9. 0-0 0-0 10. Bf2 Nec6 11. Nxd4 Nxd4 12. e5 dxe5 13. fxe5 Bxe5 14. Ne4 f5 15. Nxc5 Qc7 16. b4 Bg7 17. c3 Nb5 18. Qb3 1/2-1/2

[Event "Melbourne Black Opal"]
[Site "Melbourne"]
[Date "1998.01.18"]
[Round "7"]
[White "Canfell, Gregory"]
[Black "Speck, Nick"]
[Result "1/2-1/2"]
[WhiteElo "2255"]
[BlackElo "2185"]
[PlyCount "82"]
[EventDate "1998.01.12"]
[EventType "tourn"]
[EventRounds "9"]
[EventCountry "AUS"]
[EventCategory "4"]
[SourceTitle "CBM 062 Extra"]
[Source "ChessBase"]
[SourceDate "1998.03.09"]
[SourceVersion "1"]
[SourceVersionDate "1998.03.09"]
[SourceQuality "1"]

1. e4 c5 2. Nf3 Nc6 3. d4 cxd4 4. Nxd4 Nf6 5. Nc3 d6 6. Bg5 e6 7. Qd2 a6 8. 0-0-0 h6 9. Bf4 Bd7 10. Nxc6 Bxc6 11. f3 d5 12. Qe1 Bb4 13. a3 Ba5 14. Bd2 Rc8 15. Kb1 dxe4 16. Nb5 Bxd2 17. Rxd2 Bd5 18. c4 axb5 19. cxd5 exd5 20. Bxb5+ Kf8 21. fxe4 Nxe4 22. Rd3 Qg5 23. g3 Kg8 24. Rf1 Qg6 25. Ka1 Rc5 26. Bd7 Nd6 27. Qd2 Qe4 28. Re1 Rc2 29. Qxc2 Qxe1+ 30. Rd1 Qe5 31. Qb3 Nc4 32. Qxb7 Ne3 33. Rd3 g6 34. Qb3 d4 35. Qb6 Qe4 36. Bb5 Qh1+ 37. Ka2 Qd5+ 38. Kb1 Qh1+ 39. Ka2 Qd5+ 40. Kb1 Qh1+ 41. Ka2 Qd5+ 1/2-1/2

[Event "Melbourne Black Opal"]
[Site "Melbourne"]
[Date "1998.01.14"]
[Round "3"]
[White "Rutherford, Simon"]
[Black "Speck, Nick"]
[Result "1/2-1/2"]
[WhiteElo "2305"]
[BlackElo "2185"]
[PlyCount "49"]
[EventDate "1998.01.12"]
[EventType "tourn"]
[EventRounds "9"]
[EventCountry "AUS"]
[EventCategory "4"]
[SourceTitle "CBM 062 Extra"]
[Source "ChessBase"]
[SourceDate "1998.03.09"]
[SourceVersion "1"]
[SourceVersionDate "1998.03.09"]
[SourceQuality "1"]

1. Nf3 d6 2. d4 Nf6 3. g3 g6 4. Bg2 Bg7 5. 0-0 0-0 6. c4 Nc6 7. d5 Na5 8. Nfd2 c5 9. Nc3 a6 10. Qc2 Rb8 11. b3 b5 12. Bb2 bxc4 13. bxc4 Bh6 14. f4 e5 15. e3 Bg7 16. Rae1 Ne8 17. Ba1 f5 18. Kh1 e4 19. Rb1 Rb4 20. a3 Rxb1 21. Rxb1 Rf7 22. Na4 Bxa1 23. Rxa1 Rb7 24. Rb1 Bd7 25. Nc3 1/2-1/2

[Event "AUS-ch"]
[Site "Melbourne"]
[Date "1998.01.02"]
[Round "5"]
[White "Curtis, Ry"]
[Black "Speck, Nick"]
[Result "1/2-1/2"]
[WhiteElo "2125"]
[BlackElo "2185"]
[PlyCount "60"]
[EventDate "1997.12.??"]
[EventType "swiss"]
[EventRounds "11"]
[EventCountry "AUS"]
[SourceTitle "EXT 2001"]
[Source "ChessBase"]
[SourceDate "2000.11.22"]
[SourceVersion "1"]
[SourceVersionDate "2000.11.22"]
[SourceQuality "1"]

1. d4 Nf6 2. c4 Nc6 3. Nf3 d6 4. Nc3 Bg4 5. d5 Ne5 6. Qb3 Nxf3+ 7. exf3 Bc8 8. Bd3 g6 9. Bg5 Bg7 10. 0-0 0-0 11. Rfe1 Re8 12. Rad1 c6 13. c5 cxd5 14. Bb5 Bd7 15. Bxf6 exf6 16. Rxe8+ Qxe8 17. Bxd7 Qxd7 18. Qxd5 Re8 19. Ne4 f5 20. Nxd6 Rd8 21. b4 Bf8 22. g3 b6 23. Kg2 a5 24. a3 axb4 25. axb4 bxc5 26. bxc5 Qc7 27. Rd2 Rd7 28. f4 Qa5 29. Rd1 Bxd6 30. Qc6 Rc7 1/2-1/2

[Event "South Australia-ch"]
[Site "Adelaide"]
[Date "1993.??.??"]
[Round "4"]
[White "Cowley, Robert"]
[Black "Speck, Nick"]
[Result "0-1"]
[WhiteElo "2057"]
[BlackElo "2115"]
[PlyCount "122"]
[EventDate "1993.??.??"]
[EventType "tourn"]
[EventRounds "11"]
[EventCountry "AUS"]
[SourceTitle "EXT 2024"]
[Source "ChessBase"]
[SourceDate "2023.10.10"]
[SourceVersion "1"]
[SourceVersionDate "2023.10.10"]
[SourceQuality "1"]

1. d4 Nf6 2. c4 g6 3. Nc3 Bg7 4. e4 d6 5. f3 0-0 6. Be3 e5 7. Nge2 c6 8. Qd2 Qe7 9. 0-0-0 Be6 10. d5 cxd5 11. exd5 Bd7 12. Bg5 Rc8 13. Ng3 Qf8 14. h4 h5 15. Be3 Na6 16. Be2 Nc5 17. Kb1 Nh7 18. Nge4 Nxe4 19. Nxe4 f5 20. Nc3 Nf6 21. g3 Kh7 22. Rdf1 Qd8 23. Bg5 a6 24. g4 Rab8 25. gxh5 gxh5 26. Bd3 Qf8 27. Rhg1 Qf7 28. Bxf6 Bxf6 29. Ne4 Be7 30. Ng5+ Bxg5 31. Rxg5 Rg8 32. Rfg1 Rxg5 33. Rxg5 Rg8 34. Qb4 Rxg5 35. hxg5 Qe7 36. Qxb7 e4 37. fxe4 fxe4 38. Be2 Kg6 39. Qb8 Kxg5 40. Qg8+ Kh4 41. Qg2 Bg4 42. Qf2+ Kg5 43. Qe3+ Kf5 44. Qf2+ Kg6 45. Bxg4 hxg4 46. Qf4 Kh5 47. Kc2 Kh4 48. Kd1 Kh3 49. Ke2 Qg7 50. Qf1+ Kg3 51. Qf2+ Kh3 52. Qf1+ Kh4 53. Qh1+ Kg3 54. Qg1+ Kf4 55. Qe3+ Kf5 56. Qf2+ Ke5 57. Qg3+ Kf5 58. Qf2+ Kg6 59. Kf1 Qh6 60. Kg1 Qc1+ 61. Kg2 Qxc4 0-1